Catálogo de la Biblioteca Horacio González - Universidad Nacional de General Sarmiento

On amenability and geometry of spaces of bounded representations (Registro nro. 56919)

Detalles MARC
000 -CABECERA
campo de control de longitud fija 00738nam a22002890a 4500
001 - NÚMERO DE CONTROL
campo de control PT58606
003 - IDENTIFICADOR DEL NÚMERO DE CONTROL
campo de control AR-LpoUNG
005 - FECHA Y HORA DE LA ÚLTIMA TRANSACCIÓN
campo de control 20250128124451.0
008 - DATOS DE LONGITUD FIJA--INFORMACIÓN GENERAL
campo de control de longitud fija 191001s2002||||ag |||||||||||||||||eng d
022 ## - NÚMERO INTERNACIONAL NORMALIZADO PARA PUBLICACIONES SERIADAS
Número Internacional Normalizado para Publicaciones Seriadas 0325-6677
040 ## - FUENTE DE LA CATALOGACIÓN
Centro catalogador/agencia de origen AR-LpoUNG
Lengua de catalogación spa
Centro/agencia transcriptor AR-LpoUNG
Normas de descripción aacr
041 0# - CÓDIGO DE LENGUA
Código de lengua del texto/banda sonora o título independiente eng
044 ## - CÓDIGO DEL PAÍS DE LA ENTIDAD EDITORA/PRODUCTORA
Código MARC del país ag
082 0# - NÚMERO DE LA CLASIFICACIÓN DECIMAL DEWEY
Número de clasificación 510 59v265
100 1# - ENTRADA PRINCIPAL--NOMBRE DE PERSONA
Nombre de persona Corach, Gustavo
245 10 - MENCIÓN DE TÍTULO
Título On amenability and geometry of spaces of bounded representations
260 ## - PUBLICACIÓN, DISTRIBUCIÓN, ETC.
Lugar de publicación, distribución, etc. Buenos Aires :
Nombre del editor, distribuidor, etc. CONICET,
Fecha de publicación, distribución, etc. [2002].
300 ## - DESCRIPCIÓN FÍSICA
Extensión 29 p. :
Otras características físicas tbls., gráfs.
650 #4 - PUNTO DE ACCESO ADICIONAL DE MATERIA--TÉRMINO DE MATERIA
Término de materia o nombre geográfico como elemento de entrada ANALISIS MATEMATICO
650 #4 - PUNTO DE ACCESO ADICIONAL DE MATERIA--TÉRMINO DE MATERIA
Término de materia o nombre geográfico como elemento de entrada GEOMETRIA
650 #4 - PUNTO DE ACCESO ADICIONAL DE MATERIA--TÉRMINO DE MATERIA
Término de materia o nombre geográfico como elemento de entrada MATEMATICAS
653 #2 - TÉRMINO DE INDIZACIÓN--NO CONTROLADO
Término no controlado CONICET
653 #2 - TÉRMINO DE INDIZACIÓN--NO CONTROLADO
Término no controlado UBA
700 1# - PUNTO DE ACCESO ADICIONAL--NOMBRE DE PERSONA
Nombre de persona Galé, José E.
905 ## - ELEMENTOS DE DATOS E LOCAL, LDE (RLIN)
a 58606
942 ## - ELEMENTOS DE PUNTO DE ACCESO ADICIONAL (KOHA)
Tipo de ítem Koha Libro
Fuente del sistema de clasificación o colocación Dewey Decimal Classification
Existencias
Estado de retiro Estado de pérdida Estado dañado No para préstamo Código de colección Localización permanente Ubicación/localización actual Fecha de adquisición Total de préstamos Signatura topográfica completa Código de barras Fecha visto por última vez Precio válido a partir de Tipo de ítem Koha
        Colección General Biblioteca Universidad Nacional de General Sarmiento Biblioteca Universidad Nacional de General Sarmiento 02/02/2021   510 59v265 00011518 02/02/2021 02/02/2021 Libro